000 00943nam a2200241 a 4500
001 44427
003 BD-RjUL
005 20211209053845.0
008 160717s1957 ii ||||| |||| 00| p ben d
020 _c: IRs. 7.00
035 _a(BD-RjUL)44545
040 _aBD-RjUL
_bben
_cBD-RjUL
041 _aben
082 _223
_a891.21
_bRAA 1957
100 _aরামদেব, দ্বিজ
_9136363
245 1 0 _aঅভয়ামঙ্গল /
_cদ্বিজ রামদেব ; আশুতোষ দাস সম্পাদিত
260 _aকলিকাতা :
_bকলিকাতা বিশ্ববিদ্যালয়,
_c১৯৫৭
300 _a[৯০], ৪৭২ পৃ. :
_bচিত্র ;
_c২৩ সেমি.
650 _aসংস্কৃত কবিতা
_9127777
650 _aSankskrit Poetry
_9136364
700 _aদাস, আশুতোষ, সম্পাদক
_9136365
942 _2ddc
_cBK
999 _c44427
_d44427